|
|
|
|
| LEADER |
00000nam0a2200000 4500 |
| 001 |
320944 |
| 005 |
20231102003327.0 |
| 035 |
|
|
|a (RuTPU)RU\TPU\book\346475
|
| 090 |
|
|
|a 320944
|
| 100 |
|
|
|a 20160801d1921 k y0rusy50 ca
|
| 101 |
0 |
|
|a rus
|
| 102 |
|
|
|a RU
|
| 105 |
|
|
|a b z 001zy
|
| 200 |
1 |
|
|a Естественные производительные силы России
|h Т. 2
|i Белый уголь
|h Ч. 1
|i Северная область
|
| 210 |
|
|
|a Петербург
|c Комиссия по изучению естественных производительных сил России,состоящая при Российской Академии Наук
|d 1921
|
| 215 |
|
|
|a 99 с.
|c табл.
|
| 320 |
|
|
|a Алф. указ. в конце кн.
|
| 606 |
1 |
|
|a География
|y Россия
|2 stltpush
|3 (RuTPU)RU\TPU\subj\69320
|9 84231
|
| 606 |
1 |
|
|a Гидрогеология
|2 stltpush
|3 (RuTPU)RU\TPU\subj\38647
|9 59032
|
| 610 |
1 |
|
|a белый уголь
|
| 610 |
1 |
|
|a Россия
|
| 610 |
1 |
|
|a бассейны рек
|
| 610 |
1 |
|
|a Печора
|
| 610 |
1 |
|
|a Тулома
|
| 610 |
1 |
|
|a Кемь
|
| 610 |
1 |
|
|a Северная Двина
|
| 610 |
1 |
|
|a Северный Ледовитый океан
|
| 610 |
1 |
|
|a Балтийское море
|
| 610 |
1 |
|
|a Нива
|
| 610 |
1 |
|
|a водные силы
|
| 610 |
1 |
|
|a запасы воды
|
| 675 |
|
|
|a 91(47+57)
|v 4
|
| 675 |
|
|
|a 556.3
|v 3
|
| 700 |
|
1 |
|a Копылова
|b Н. А.
|
| 801 |
|
1 |
|a RU
|b 63413507
|c 20160801
|
| 801 |
|
2 |
|a RU
|b 63413507
|c 20200930
|g RCR
|
| 942 |
|
|
|c BK
|